Etiqueta de registo: 00598cas 022002291 04500
001 102215
003 http://id.bnportugal.gov.pt/bib/catbnp/102215
005 19981120014300.0
095 ## $aPTBN00106290
100 ## $a19750401a19749999m y0pora0103 ba
101 0# $apor
102 ## $aPT
200 1# $aUnião dos Sindicatos do Sul$einforma
210 #9 $aLisboa$cU. S. S.,$d1974-
215 ## $d32 cm
606 ## $2SIPOR$363102
675 ## $a331(05)$vmed$zpor$3288169
712 02 $aUnião dos Sindicatos do Sul$4650$319739
801 #0 $aPT$bBN$gRPC
966 ## $lBN$mFGJOR$sJ. 1524 P.
998 ## $aCR307 - 00432
Etiqueta de registo: 00000nkm 2200025 450
001 2278996
003 http://id.bnportugal.gov.pt/bib/catbnp/2278996
100 ## $a20260310f19741984m y0pory01030103ba
101 0# $apor
102 ## $aPT
200 1# $aContra o congelamento da contratação colectiva, contra os aumentos dos preços, manifestação,
Praça do Chile, Ministério do Trabalho (Lisboa), 14 fevereiro$bVisual gráfico]$fUnião dos Sindicatos de Lisboa
210 #9 $aLisboa$cUnião dos Sindicatos de Lisboa,$d[entre 1974 e 1984]
215 ## $a1 cartaz$ccolor.$d65x47 cm
306 ## $aDatação atribuída em conformidade com o evento anunciado
317 ## $aColeção Madeira Luís
330 ## $aCartaz contém o símbolo de uma entidade não-identificável
710 02 $aUnião dos Sindicatos de Lisboa$3208202
711 02 $aUnião dos Sindicatos do Sul$319739
711 02 $aC.I.L.-$bComissão Coordenadora das CT da Região de Lisboa$31585986
801 #0 $aPT$bBN$gRPC
966 ## $lBN$mICONOG$sCT. 24250 A.$x3
971 ## $cCatmusica8$d20260310
995 ## $aPRR2026
Etiqueta de registo: 00000nkm 2200025 450
001 2282284
003 http://id.bnportugal.gov.pt/bib/catbnp/2282284
100 ## $a20260320d1989 m y0pory01030103ba
101 0# $apor
102 ## $aPT
200 1# $aDesfile, Martim Moniz, Alameda, 1.º maio 1989$bVisual gráfico]$fUSL-USS-CGTP-IN
210 #9 $aLisboa$cUSL-USS-CGTP-IN,$d1989
215 ## $a1 cartaz$ccolor.$d67,2x47,9 cm
317 ## $aColeção Madeira Luís
710 02 $aUnião dos Sindicatos de Lisboa$3208202
711 02 $aCGTP-IN$34741
711 02 $aUnião dos Sindicatos do Sul$319739
801 #0 $aPT$bBN$gRPC
966 ## $lBN$mICONOG$sCT. 25411 A.$x3
971 ## $cCaticonografia3$d20260320
995 ## $aPRR2026
Etiqueta de registo: 00000nkm 2200025 450
001 2282273
003 http://id.bnportugal.gov.pt/bib/catbnp/2282273
100 ## $a20260320d1987 m y0pory01030103ba
101 0# $apor
102 ## $aPT
200 1# $aDesfile, Martim Moniz, Alameda, 1º de maio 1987$bVisual gráfico]$fUSL-USS-CGTP
210 #9 $aLisboa$cUSL-USS-CGTP,$d1987
215 ## $a1 cartaz$ccolor.$d67,2x47,8 cm
317 ## $aColeção Madeira Luís
710 02 $aUnião dos Sindicatos de Lisboa$3208202
711 02 $aCGTP-IN$34741
711 02 $aUnião dos Sindicatos do Sul$319739
801 #0 $aPT$bBN$gRPC
966 ## $lBN$mICONOG$sCT. 25410 A.$x3
971 ## $cCaticonografia3$d20260320
995 ## $aPRR2026